[Event "World op 31st"]
[Site "Philadelphia"]
[Date "2003.07.03"]
[Round "4"]
[White "Adams, Nick A"]
[Black "Kosteniuk, Alexandra"]
[Result "0-1"]
[WhiteElo "2223"]
[BlackElo "2452"]
[PlyCount "70"]
[EventDate "2003.06.30"]
[EventType "swiss"]
[EventRounds "9"]
[EventCountry "USA"]
[SourceTitle "EXT 2004"]
[Source "ChessBase"]
[SourceDate "2003.11.25"]
[SourceVersion "1"]
[SourceVersionDate "2003.11.25"]
[SourceQuality "1"]

1. d4 d5 2. c4 e6 3. Nc3 c6 4. cxd5 exd5 5. Bf4 Nf6 6. e3 Bf5 7. Bd3 Bxd3 8.
Qxd3 Nh5 9. Bg3 Nd7 10. Nge2 g6 11. O-O Nxg3 12. Nxg3 Be7 13. Rad1 f5 14. f3
O-O 15. e4 f4 16. Nge2 Nb6 17. b3 Qd7 18. a4 a5 19. g3 g5 20. Kg2 Rf7 21. exd5
Nxd5 22. Nxd5 cxd5 23. Rc1 Ba3 24. Rc2 Re8 25. Qb5 Qxb5 26. axb5 fxg3 27. Nxg3
Re3 28. Rb1 Rexf3 29. Re1 Rxb3 30. Rc8+ Bf8 31. Re5 h6 32. Rxd5 Rb2+ 33. Kh3
Rf4 34. Nf5 Rbf2 35. Nxh6+ Kg7 0-1

[Event "World op 31st"]
[Site "Philadelphia"]
[Date "2003.07.05"]
[Round "6"]
[White "Smirin, Ilia"]
[Black "Kosteniuk, Alexandra"]
[Result "1/2-1/2"]
[WhiteElo "2662"]
[BlackElo "2452"]
[PlyCount "71"]
[EventDate "2003.06.30"]
[EventType "swiss"]
[EventRounds "9"]
[EventCountry "USA"]
[SourceTitle "EXT 2004"]
[Source "ChessBase"]
[SourceDate "2003.11.25"]
[SourceVersion "1"]
[SourceVersionDate "2003.11.25"]
[SourceQuality "1"]

1. e4 c5 2. Nf3 Nc6 3. Nc3 e5 4. Bc4 Be7 5. d3 d6 6. O-O Nf6 7. Ng5 O-O 8. f4
Bg4 9. Qd2 h6 10. Nf3 Bxf3 11. Rxf3 exf4 12. Qxf4 Ne5 13. Rf1 Nxc4 14. dxc4 Nd7
15. Qg3 Kh8 16. Bf4 Nb6 17. b3 Bh4 18. Qf3 Bf6 19. Rad1 Bd4+ 20. Kh1 f5 21. Nb5
fxe4 22. Qxe4 d5 23. Qe2 dxc4 24. bxc4 Qe8 25. Qd3 Qc6 26. c3 Bf6 27. Nd6 Be7
28. Rfe1 Rxf4 29. Rxe7 Raf8 30. h3 Nc8 31. Nxc8 Qxc8 32. Qg6 Rf1+ 33. Rxf1
Rxf1+ 34. Kh2 Qb8+ 35. g3 Qf8 36. Re8 1/2-1/2

[Event "World op 31st"]
[Site "Philadelphia"]
[Date "2003.07.05"]
[Round "7"]
[White "Kosteniuk, Alexandra"]
[Black "Adu, Oladapo"]
[Result "1-0"]
[WhiteElo "2452"]
[BlackElo "2284"]
[PlyCount "53"]
[EventDate "2003.06.30"]
[EventType "swiss"]
[EventRounds "9"]
[EventCountry "USA"]
[SourceTitle "EXT 2004"]
[Source "ChessBase"]
[SourceDate "2003.11.25"]
[SourceVersion "1"]
[SourceVersionDate "2003.11.25"]
[SourceQuality "1"]

1. e4 c5 2. Nf3 d6 3. d4 cxd4 4. Nxd4 Nf6 5. Nc3 a6 6. Bg5 e6 7. f4 Be7 8. Qf3
Qc7 9. O-O-O Nbd7 10. g4 b5 11. Bxf6 gxf6 12. f5 Ne5 13. Qh3 O-O 14. Rg1 Kh8
15. Rg3 Rg8 16. Nce2 Nc4 17. fxe6 Bxe6 18. Nf4 Qd7 19. Nf5 Bxf5 20. gxf5 Ne5
21. Be2 Qa7 22. Qh4 Rxg3 23. hxg3 Qe3+ 24. Kb1 Nd7 25. Rh1 Nf8 26. Nd5 Qxe2 27.
Nxe7 1-0

[Event "SUI-ch 103rd"]
[Site "Silvaplana"]
[Date "2003.07.12"]
[Round "3"]
[White "Kosteniuk, Alexandra"]
[Black "Jaeggi, Dorian"]
[Result "1-0"]
[WhiteElo "2457"]
[BlackElo "2163"]
[PlyCount "31"]
[EventDate "2003.07.10"]
[EventType "swiss"]
[EventRounds "9"]
[EventCountry "SUI"]
[SourceTitle "CBM 095 Extra"]
[Source "ChessBase"]
[SourceDate "2003.09.04"]
[SourceVersion "1"]
[SourceVersionDate "2003.09.04"]
[SourceQuality "1"]

1. d4 Nf6 2. c4 g6 3. Nc3 Bg7 4. e4 d6 5. Nf3 O-O 6. Be2 e5 7. O-O Na6 8. Be3
Ng4 9. Bg5 f6 10. Bd2 f5 11. d5 Nc5 12. Ng5 Nf6 13. exf5 Bxf5 14. g4 Nfe4 15.
Ngxe4 Nxe4 16. Nxe4 1-0

[Event "SUI-ch 103rd"]
[Site "Silvaplana"]
[Date "2003.07.13"]
[Round "4"]
[White "Huss, Andreas"]
[Black "Kosteniuk, Alexandra"]
[Result "0-1"]
[WhiteElo "2331"]
[BlackElo "2457"]
[PlyCount "40"]
[EventDate "2003.07.10"]
[EventType "swiss"]
[EventRounds "9"]
[EventCountry "SUI"]
[SourceTitle "CBM 095 Extra"]
[Source "ChessBase"]
[SourceDate "2003.09.04"]
[SourceVersion "1"]
[SourceVersionDate "2003.09.04"]
[SourceQuality "1"]

1. d4 Nf6 2. Nf3 e6 3. c4 b6 4. Nc3 Bb4 5. Qd2 Bb7 6. a3 Bxc3 7. Qxc3 d6 8. e3
O-O 9. Bd3 Nbd7 10. O-O Ne4 11. Qc2 f5 12. Nd2 Qh4 13. f3 Ng5 14. f4 Nh3+ 15.
gxh3 Rf6 16. Nf3 Rg6+ 17. Kh1 Qxh3 18. Qe2 Nc5 19. Bxf5 exf5 20. Bd2 Be4 0-1

[Event "SUI-ch 103rd"]
[Site "Silvaplana"]
[Date "2003.07.14"]
[Round "5"]
[White "Kosteniuk, Alexandra"]
[Black "Horvath, Tamas"]
[Result "1-0"]
[WhiteElo "2457"]
[BlackElo "2435"]
[PlyCount "89"]
[EventDate "2003.07.10"]
[EventType "swiss"]
[EventRounds "9"]
[EventCountry "SUI"]
[SourceTitle "CBM 095 Extra"]
[Source "ChessBase"]
[SourceDate "2003.09.04"]
[SourceVersion "1"]
[SourceVersionDate "2003.09.04"]
[SourceQuality "1"]

1. e4 c5 2. Nf3 Nc6 3. d4 cxd4 4. Nxd4 e5 5. Nb5 d6 6. c4 Be6 7. Bd3 Nf6 8. O-O
Rc8 9. b3 a6 10. N5c3 Nd4 11. Nd5 Nxd5 12. cxd5 Bd7 13. Be3 Be7 14. f4 O-O 15.
Bxd4 exd4 16. Nd2 Rc3 17. Nf3 Re8 18. Qd2 Bf6 19. Rae1 Qc7 20. e5 dxe5 21. fxe5
Bxe5 22. Nxe5 Rxe5 23. Qf4 f6 24. Bc4 d3 25. Rxe5 Qxe5 26. d6+ Rxc4 27. Qxe5
fxe5 28. bxc4 Ba4 29. Kf2 Kf7 30. Ke3+ Ke6 31. Kxd3 Be8 32. Rf8 Bg6+ 33. Kc3
Kxd6 34. Rg8 Ke6 35. Rxg7 Be4 36. g4 Kf6 37. Rg8 Kf7 38. Rd8 Ke7 39. Rd2 Kf6
40. h4 Bc6 41. Rd6+ Kf7 42. Rxc6 bxc6 43. Kd3 a5 44. a4 c5 45. Ke4 1-0

[Event "Biel MTO op"]
[Site "Biel"]
[Date "2003.07.27"]
[Round "6"]
[White "Tkachiev, Vladislav"]
[Black "Kosteniuk, Alexandra"]
[Result "1-0"]
[WhiteElo "2654"]
[BlackElo "2457"]
[PlyCount "73"]
[EventDate "2003.07.19"]
[EventType "swiss"]
[EventRounds "11"]
[EventCountry "SUI"]
[SourceTitle "CBM 095 Extra"]
[Source "ChessBase"]
[SourceDate "2003.09.04"]
[SourceVersion "1"]
[SourceVersionDate "2003.09.04"]
[SourceQuality "1"]

1. d4 Nf6 2. c4 e6 3. Nf3 d5 4. g3 dxc4 5. Bg2 a6 6. O-O Nc6 7. e3 Bd7 8. Qe2
b5 9. Rd1 Bd6 10. e4 e5 11. dxe5 Bxe5 12. Nc3 O-O 13. Bg5 h6 14. Bxf6 Bxf6 15.
e5 Be7 16. Nh4 Qe8 17. e6 fxe6 18. Ng6 Qxg6 19. Rxd7 Bc5 20. Rf1 Nd4 21. Qe5
Rf5 22. Qe4 Raf8 23. Rxd4 Bxd4 24. Qxd4 Qg5 25. Bh3 Rd8 26. Qa7 Rff8 27. Qxa6
Rd6 28. Qb7 Qh5 29. Qxc7 Rd2 30. Bxe6+ Kh8 31. a3 Rxb2 32. Nd5 Qg6 33. Nf4 Qf6
34. h4 Re8 35. h5 Rd2 36. Qc6 Red8 37. Ng6+ 1-0

[Event "Biel MTO op"]
[Site "Biel"]
[Date "2003.07.28"]
[Round "7"]
[White "Shchekachev, Andrei"]
[Black "Kosteniuk, Alexandra"]
[Result "1-0"]
[WhiteElo "2550"]
[BlackElo "2457"]
[PlyCount "77"]
[EventDate "2003.07.19"]
[EventType "swiss"]
[EventRounds "11"]
[EventCountry "SUI"]
[SourceTitle "CBM 095 Extra"]
[Source "ChessBase"]
[SourceDate "2003.09.04"]
[SourceVersion "1"]
[SourceVersionDate "2003.09.04"]
[SourceQuality "1"]

1. c4 e6 2. Nf3 d5 3. b3 d4 4. g3 c5 5. Bg2 Nc6 6. O-O Nf6 7. d3 Be7 8. a3 O-O
9. e4 dxe3 10. fxe3 Ng4 11. Ra2 Qc7 12. Nc3 Rd8 13. Qe2 Qb6 14. Rb2 Bf6 15. Na4
Qc7 16. Rb1 Qd6 17. Rd1 Rb8 18. Nd2 Qxd3 19. Qxg4 Qxe3+ 20. Kh1 e5 21. Ne4
Rxd1+ 22. Qxd1 Qd4 23. Qe2 Be7 24. Be3 Qd8 25. Nexc5 f5 26. Rd1 Qe8 27. Qd2 e4
28. Nd7 Bxd7 29. Qxd7 Qxd7 30. Rxd7 Bxa3 31. Bh3 g6 32. Bf4 Re8 33. Nc3 e3 34.
Nd5 Bb2 35. Bxe3 Na5 36. Bf1 a6 37. b4 Nc6 38. Rxb7 Ne5 39. Nf6+ 1-0

[Event "Biel MTO op"]
[Site "Biel"]
[Date "2003.07.30"]
[Round "9"]
[White "Kosteniuk, Alexandra"]
[Black "Derieux, Christian"]
[Result "1-0"]
[WhiteElo "2457"]
[BlackElo "2207"]
[PlyCount "71"]
[EventDate "2003.07.19"]
[EventType "swiss"]
[EventRounds "11"]
[EventCountry "SUI"]
[SourceTitle "CBM 095 Extra"]
[Source "ChessBase"]
[SourceDate "2003.09.04"]
[SourceVersion "1"]
[SourceVersionDate "2003.09.04"]
[SourceQuality "1"]

1. d4 Nf6 2. c4 c5 3. d5 e6 4. Nc3 exd5 5. cxd5 d6 6. e4 g6 7. Nf3 Bg7 8. Be2
O-O 9. O-O Re8 10. Nd2 Nbd7 11. a4 Ne5 12. Ra3 g5 13. Qc2 h6 14. Nd1 Nh7 15.
Ne3 Nf8 16. Re1 Nfg6 17. Ndf1 Nh4 18. Ng3 Re7 19. Qd1 Qf8 20. Nh5 f5 21. g3
Nhg6 22. f4 gxf4 23. gxf4 Nxf4 24. Nxf4 fxe4 25. Nc4 Nxc4 26. Bxc4 Bd4+ 27. Kh1
Rg7 28. Qe2 Bf5 29. Ne6 Bxe6 30. dxe6 Qf5 31. Bxh6 Rg6 32. e7+ d5 33. Bb5 Kf7
34. Rf3 Rg1+ 35. Rxg1 Qxf3+ 36. Qxf3+ 1-0

[Event "Biel MTO op"]
[Site "Biel"]
[Date "2003.07.31"]
[Round "10"]
[White "Sedlak, Nikola"]
[Black "Kosteniuk, Alexandra"]
[Result "1-0"]
[WhiteElo "2528"]
[BlackElo "2457"]
[PlyCount "87"]
[EventDate "2003.07.19"]
[EventType "swiss"]
[EventRounds "11"]
[EventCountry "SUI"]
[SourceTitle "CBM 095 Extra"]
[Source "ChessBase"]
[SourceDate "2003.09.04"]
[SourceVersion "1"]
[SourceVersionDate "2003.09.04"]
[SourceQuality "1"]

1. e4 c5 2. Nc3 Nc6 3. Bb5 Nd4 4. Ba4 a6 5. d3 b5 6. Bb3 Nxb3 7. axb3 Bb7 8.
Nf3 e6 9. Bg5 Ne7 10. O-O Qc7 11. Re1 d5 12. Bh4 d4 13. Bg3 Qb6 14. Ne2 Nc6 15.
Nf4 Bd6 16. e5 Be7 17. Nh5 O-O-O 18. Nd2 g6 19. Nf6 Bxf6 20. exf6 h5 21. Nf3
Rd5 22. h4 Rf5 23. Ng5 Rxg5 24. hxg5 h4 25. Bh2 h3 26. c3 hxg2 27. Qg4 Qd8 28.
Qg3 e5 29. Rxe5 Nxe5 30. Qxe5 Rxh2 31. Qxc5+ Kb8 32. Qe5+ Ka7 33. Qxh2 dxc3 34.
bxc3 Qxd3 35. Qe5 b4 36. cxb4 Qxb3 37. Qc5+ Ka8 38. Re1 Qa4 39. b5 Qxb5 40.
Qxb5 axb5 41. Re8+ Ka7 42. Re7 b4 43. Rxf7 b3 44. Rd7 1-0

[Event "Biel MTO op"]
[Site "Biel"]
[Date "2003.08.01"]
[Round "11"]
[White "Kosteniuk, Alexandra"]
[Black "Papa, Severin"]
[Result "0-1"]
[WhiteElo "2457"]
[BlackElo "2372"]
[PlyCount "108"]
[EventDate "2003.07.19"]
[EventType "swiss"]
[EventRounds "11"]
[EventCountry "SUI"]
[SourceTitle "CBM 095 Extra"]
[Source "ChessBase"]
[SourceDate "2003.09.04"]
[SourceVersion "1"]
[SourceVersionDate "2003.09.04"]
[SourceQuality "1"]

1. e4 c5 2. Nf3 d6 3. d4 cxd4 4. Nxd4 Nf6 5. Nc3 a6 6. Bg5 e6 7. f4 Be7 8. Qf3
h6 9. Bh4 Qc7 10. O-O-O Nbd7 11. Bd3 g5 12. fxg5 Ne5 13. Qf2 Nfg4 14. Qd2 Qc5
15. Nf3 Nxf3 16. gxf3 hxg5 17. fxg4 gxh4 18. Kb1 Bd7 19. Rhf1 Rf8 20. Rf3 O-O-O
21. Rdf1 Be8 22. Qe2 Kb8 23. Bc4 Rg8 24. Nd1 Rc8 25. Rc3 Qd4 26. h3 Rg5 27. Qd3
Bf6 28. Ne3 Rgc5 29. Rb3 Ba4 30. Rb4 b5 31. Rxf6 Qxf6 32. Qxd6+ R8c7 33. Qb6+
Kc8 34. Qxa6+ Kd7 35. Bb3 R5c6 36. Qa5 Qf2 37. Rd4+ Rd6 38. Rxd6+ Kxd6 39. Qb6+
Kd7 40. Qd4+ Kc8 41. Bxa4 Qg1+ 42. Qd1 Qxd1+ 43. Nxd1 bxa4 44. c3 f5 45. gxf5
exf5 46. exf5 Rg7 47. Kc2 Rg3 48. Kd2 Rxh3 49. Ke2 Kd7 50. c4 Rg3 51. Kf2 Rg5
52. Ne3 h3 53. Nf1 Rxf5+ 54. Kg1 Rg5+ 0-1

[Event "SCG-chT (Women)"]
[Site "Budva"]
[Date "2003.??.??"]
[Round "2.21"]
[White "Kosteniuk, Alexandra"]
[Black "Stojanovic, Andjelija"]
[Result "1-0"]
[WhiteElo "2457"]
[BlackElo "2170"]
[PlyCount "79"]
[EventDate "2003.09.??"]
[EventType "team"]
[EventRounds "11"]
[EventCountry "YUG"]
[SourceTitle "CBM 096 Extra"]
[Source "ChessBase"]
[SourceDate "2003.10.22"]
[SourceVersion "2"]
[SourceVersionDate "2003.10.20"]
[SourceQuality "1"]

1. e4 c5 2. c3 Nf6 3. e5 Nd5 4. d4 cxd4 5. Nf3 e6 6. cxd4 d6 7. Bc4 Nc6 8. O-O
Be7 9. Qe2 O-O 10. Re1 a6 11. Nc3 Nxc3 12. bxc3 b5 13. Bd3 Bb7 14. exd6 Qxd6
15. Ng5 Bxg5 16. Bxg5 Ne7 17. Qh5 g6 18. Qh3 Rfc8 19. Re3 Nd5 20. Rf3 f5 21.
Re1 Rc7 22. Rg3 Rac8 23. Bd2 Rf7 24. Qh6 Rg7 25. h4 Nxc3 26. Bf4 Qd7 27. Be5
Ne4 28. Bxe4 Bxe4 29. h5 f4 30. Qxf4 Bf5 31. Bxg7 Qxg7 32. h6 Qc7 33. Qxc7 Rxc7
34. Rge3 Kf7 35. f3 Rc6 36. g4 Bc2 37. d5 exd5 38. Re7+ Kf6 39. Rxh7 g5 40. Rd7
1-0

[Event "SCG-chT (Women)"]
[Site "Budva"]
[Date "2003.??.??"]
[Round "3.41"]
[White "Velcheva, Maria"]
[Black "Kosteniuk, Alexandra"]
[Result "0-1"]
[WhiteElo "2292"]
[BlackElo "2457"]
[PlyCount "64"]
[EventDate "2003.09.??"]
[EventType "team"]
[EventRounds "11"]
[EventCountry "YUG"]
[SourceTitle "CBM 096 Extra"]
[Source "ChessBase"]
[SourceDate "2003.10.22"]
[SourceVersion "2"]
[SourceVersionDate "2003.10.20"]
[SourceQuality "1"]

1. e4 c5 2. Nf3 Nc6 3. Nc3 d6 4. d4 cxd4 5. Nxd4 Nf6 6. g3 Bg4 7. f3 Bd7 8. Be3
e6 9. Qd2 Qb8 10. O-O-O Nxd4 11. Bxd4 b5 12. Bxf6 gxf6 13. e5 fxe5 14. Ne4 Bc6
15. Nxd6+ Bxd6 16. Qxd6 Bxf3 17. Qd7+ Kf8 18. Bxb5 Bxd1 19. Rxd1 Kg7 20. Rf1
Rf8 21. Qd2 Qd8 22. Qe3 f6 23. Qe2 Qb6 24. Bd3 Rab8 25. c3 Rfd8 26. Bxh7 Kxh7
27. Rxf6 Rd7 28. b3 Rbd8 29. Qh5+ Kg8 30. Rg6+ Rg7 31. Rh6 Qe3+ 32. Kb2 Rd2+
0-1

[Event "Dieren sim"]
[Site "Dieren"]
[Date "2003.09.06"]
[Round "1"]
[White "Kosteniuk, Alexandra"]
[Black "Nagel, Yvette"]
[Result "1-0"]
[WhiteElo "2457"]
[BlackElo "2068"]
[PlyCount "71"]
[EventDate "2003.09.06"]
[EventType "simul"]
[EventRounds "1"]
[EventCountry "NED"]
[SourceTitle "CBM 096 Extra"]
[Source "ChessBase"]
[SourceDate "2003.10.22"]
[SourceVersion "2"]
[SourceVersionDate "2003.10.20"]
[SourceQuality "1"]

1. e4 e5 2. Nf3 Nc6 3. Bc4 Be7 4. O-O Nf6 5. d4 d6 6. h3 O-O 7. Nc3 exd4 8.
Nxd4 a6 9. a4 Nxd4 10. Qxd4 Bd7 11. Be3 Bc6 12. Rfd1 Qe8 13. b4 b6 14. f4 Bb7
15. Nd5 Nxd5 16. exd5 Bf6 17. Qd3 Bxa1 18. Rxa1 a5 19. bxa5 Rxa5 20. Bb3 Qe7
21. Bd2 Raa8 22. c4 Qf6 23. Bc3 Qxf4 24. Rf1 Qh6 25. Bc2 Rae8 26. Bd2 Qg6 27.
Qc3 f5 28. Rf3 Qf6 29. Qd3 g6 30. Bc3 Qe7 31. Qd4 Qe5 32. Qh4 Qe7 33. Qh6 Rf7
34. Rg3 Qf8 35. Rxg6+ hxg6 36. Qh8# 1-0

[Event "Dieren sim"]
[Site "Dieren"]
[Date "2003.09.06"]
[Round "1"]
[White "Kosteniuk, Alexandra"]
[Black "Nep, Ron"]
[Result "1-0"]
[WhiteElo "2457"]
[BlackElo "2305"]
[PlyCount "133"]
[EventDate "2003.09.06"]
[EventType "simul"]
[EventRounds "1"]
[EventCountry "NED"]
[SourceTitle "CBM 096 Extra"]
[Source "ChessBase"]
[SourceDate "2003.10.22"]
[SourceVersion "2"]
[SourceVersionDate "2003.10.20"]
[SourceQuality "1"]

1. e4 c6 2. d4 d5 3. e5 Bf5 4. Nf3 e6 5. Be2 Bg4 6. O-O Ne7 7. b3 Nf5 8. Nbd2
Bb4 9. Bb2 Qa5 10. a3 Bxd2 11. Nxd2 Bxe2 12. Qxe2 h5 13. c4 Qa6 14. Rfe1 Nd7
15. a4 b6 16. b4 Qb7 17. cxd5 cxd5 18. Nb3 g6 19. h3 h4 20. b5 Kf8 21. Kh2 Kg7
22. g4 hxg3+ 23. fxg3 Rac8 24. Rf1 Rc4 25. g4 Nh6 26. Rf2 Rhc8 27. Bc1 Nf8 28.
Be3 R8c7 29. Raf1 Rxa4 30. h4 Rac4 31. h5 Rc3 32. Bxh6+ Kxh6 33. Nc5 bxc5 34.
Qd2+ Kg7 35. Qxc3 cxd4 36. Qxd4 Qxb5 37. h6+ Kg8 38. Qf4 Nh7 39. Rc1 Qb6 40.
Rxc7 Qxc7 41. g5 Qe7 42. Rg2 a5 43. Qc1 Qb4 44. Kh3 a4 45. Rg4 d4 46. Qc8+ Nf8
47. Rf4 Qe7 48. Kg4 a3 49. Qa8 Kh7 50. Qf3 Kg8 51. Rxd4 Nd7 52. Kf4 Nb6 53. Rd6
Nd5+ 54. Kg4 a2 55. Qa3 Ne3+ 56. Kf4 Nd5+ 57. Kg4 Ne3+ 58. Kf3 Qxg5 59. Ra6 Nf5
60. h7+ Kxh7 61. Ke2 Nd4+ 62. Kd3 Nb5 63. Qb4 Qg3+ 64. Kc4 Nd4 65. Kxd4 Qg4+
66. Kc5 Qf5 67. Qd4 1-0

[Event "Dieren sim"]
[Site "Dieren"]
[Date "2003.09.06"]
[Round "1"]
[White "Kosteniuk, Alexandra"]
[Black "Van Wijgerden, Cornelis"]
[Result "1-0"]
[WhiteElo "2457"]
[BlackElo "2430"]
[PlyCount "46"]
[EventDate "2003.09.06"]
[EventType "simul"]
[EventRounds "1"]
[EventCountry "NED"]
[SourceTitle "CBM 096 Extra"]
[Source "ChessBase"]
[SourceDate "2003.10.22"]
[SourceVersion "2"]
[SourceVersionDate "2003.10.20"]
[SourceQuality "1"]

1. d4 d5 2. c4 dxc4 3. e4 e5 4. Nf3 Bb4+ 5. Bd2 Bxd2+ 6. Nbxd2 exd4 7. Bxc4 Nc6
8. O-O Nf6 9. e5 Nd5 10. Nb3 O-O 11. Nbxd4 Bg4 12. Nxc6 bxc6 13. h3 Bh5 14. g4
Bg6 15. Qd2 f5 16. exf6 Qxf6 17. Nd4 Rae8 18. Nxc6 Be4 19. Bxd5+ Kh8 20. Rae1
Qf3 21. Bxe4 Rxe4 22. Rxe4 Qxe4 23. Qb4 Qxb4 1-0